<?xml version="1.0" encoding="UTF-8"?>
<collection xmlns="http://www.loc.gov/MARC21/slim">
 <record>
  <leader>06973cam a2201225 c 4500</leader>
  <controlfield tag="001">024259071</controlfield>
  <controlfield tag="003">DE-627</controlfield>
  <controlfield tag="005">20260207194718.0</controlfield>
  <controlfield tag="007">tu</controlfield>
  <controlfield tag="008">830223s1982    gw ||||| cn   00| ||ger c</controlfield>
  <datafield tag="015" ind1=" " ind2=" ">
   <subfield code="a">82,N34,0319</subfield>
   <subfield code="2">dnb</subfield>
  </datafield>
  <datafield tag="015" ind1=" " ind2=" ">
   <subfield code="a">83,A05,0739</subfield>
   <subfield code="2">dnb</subfield>
  </datafield>
  <datafield tag="016" ind1="7" ind2=" ">
   <subfield code="a">820903272</subfield>
   <subfield code="2">DE-101</subfield>
  </datafield>
  <datafield tag="020" ind1=" " ind2=" ">
   <subfield code="a">3786113092</subfield>
   <subfield code="q"> : DM 125.00</subfield>
  </datafield>
  <datafield tag="035" ind1=" " ind2=" ">
   <subfield code="a">(DE-627)024259071</subfield>
  </datafield>
  <datafield tag="035" ind1=" " ind2=" ">
   <subfield code="a">(DE-603)017820375</subfield>
  </datafield>
  <datafield tag="035" ind1=" " ind2=" ">
   <subfield code="a">(DE-576)016674383</subfield>
  </datafield>
  <datafield tag="035" ind1=" " ind2=" ">
   <subfield code="a">(DE-599)GBV024259071</subfield>
  </datafield>
  <datafield tag="035" ind1=" " ind2=" ">
   <subfield code="a">(OCoLC)610973194</subfield>
  </datafield>
  <datafield tag="035" ind1=" " ind2=" ">
   <subfield code="a">(OCoLC)09818590</subfield>
  </datafield>
  <datafield tag="040" ind1=" " ind2=" ">
   <subfield code="a">DE-627</subfield>
   <subfield code="b">ger</subfield>
   <subfield code="c">DE-627</subfield>
   <subfield code="e">rakwb</subfield>
  </datafield>
  <datafield tag="041" ind1=" " ind2=" ">
   <subfield code="a">ger</subfield>
  </datafield>
  <datafield tag="044" ind1=" " ind2=" ">
   <subfield code="c">XA-DE</subfield>
  </datafield>
  <datafield tag="050" ind1=" " ind2="0">
   <subfield code="a">NA7595.R658</subfield>
  </datafield>
  <datafield tag="082" ind1="0" ind2=" ">
   <subfield code="a">728.840945632</subfield>
  </datafield>
  <datafield tag="082" ind1="0" ind2=" ">
   <subfield code="a">728.8/4/0945632</subfield>
   <subfield code="q">OCLC</subfield>
  </datafield>
  <datafield tag="084" ind1=" " ind2=" ">
   <subfield code="a">46</subfield>
   <subfield code="2">sdnb</subfield>
  </datafield>
  <datafield tag="084" ind1=" " ind2=" ">
   <subfield code="a">6,14</subfield>
   <subfield code="a">9,10</subfield>
   <subfield code="2">ssgn</subfield>
  </datafield>
  <datafield tag="084" ind1=" " ind2=" ">
   <subfield code="a">LF 8113</subfield>
   <subfield code="2">rvk</subfield>
   <subfield code="0">(DE-625)rvk/91995:13577</subfield>
  </datafield>
  <datafield tag="084" ind1=" " ind2=" ">
   <subfield code="a">LH 37730</subfield>
   <subfield code="2">rvk</subfield>
   <subfield code="0">(DE-625)rvk/93270:</subfield>
  </datafield>
  <datafield tag="084" ind1=" " ind2=" ">
   <subfield code="a">LG 9200</subfield>
   <subfield code="2">rvk</subfield>
   <subfield code="0">(DE-625)rvk/92184:</subfield>
  </datafield>
  <datafield tag="084" ind1=" " ind2=" ">
   <subfield code="a">LF 6950</subfield>
   <subfield code="2">rvk</subfield>
   <subfield code="0">(DE-625)rvk/91911:</subfield>
  </datafield>
  <datafield tag="084" ind1=" " ind2=" ">
   <subfield code="a">LN 63114</subfield>
   <subfield code="2">rvk</subfield>
   <subfield code="0">(DE-625)rvk/102121:13315</subfield>
  </datafield>
  <datafield tag="084" ind1=" " ind2=" ">
   <subfield code="a">LN 63117</subfield>
   <subfield code="2">rvk</subfield>
   <subfield code="0">(DE-625)rvk/102121:13318</subfield>
  </datafield>
  <datafield tag="084" ind1=" " ind2=" ">
   <subfield code="a">LE 3800</subfield>
   <subfield code="2">rvk</subfield>
   <subfield code="0">(DE-625)rvk/90740:</subfield>
  </datafield>
  <datafield tag="084" ind1=" " ind2=" ">
   <subfield code="a">21.71</subfield>
   <subfield code="2">bkl</subfield>
  </datafield>
  <datafield tag="084" ind1=" " ind2=" ">
   <subfield code="a">20.00</subfield>
   <subfield code="2">bkl</subfield>
  </datafield>
  <datafield tag="245" ind1="0" ind2="0">
   <subfield code="a">Forschungen zur Villa Albani</subfield>
   <subfield code="b">antike Kunst und die Epoche der Aufklärung</subfield>
   <subfield code="c">hrsg. von Herbert Beck und Peter C. Bol</subfield>
  </datafield>
  <datafield tag="264" ind1=" " ind2="1">
   <subfield code="a">Berlin</subfield>
   <subfield code="b">Mann</subfield>
   <subfield code="c">1982</subfield>
  </datafield>
  <datafield tag="300" ind1=" " ind2=" ">
   <subfield code="a">XV, 562, 178 S.</subfield>
   <subfield code="b">zahlr. Ill.</subfield>
   <subfield code="c">4°</subfield>
  </datafield>
  <datafield tag="336" ind1=" " ind2=" ">
   <subfield code="a">Text</subfield>
   <subfield code="b">txt</subfield>
   <subfield code="2">rdacontent</subfield>
  </datafield>
  <datafield tag="337" ind1=" " ind2=" ">
   <subfield code="a">ohne Hilfsmittel zu benutzen</subfield>
   <subfield code="b">n</subfield>
   <subfield code="2">rdamedia</subfield>
  </datafield>
  <datafield tag="338" ind1=" " ind2=" ">
   <subfield code="a">Band</subfield>
   <subfield code="b">nc</subfield>
   <subfield code="2">rdacarrier</subfield>
  </datafield>
  <datafield tag="490" ind1="1" ind2=" ">
   <subfield code="a">Frankfurter Forschungen zur Kunst</subfield>
   <subfield code="v">10</subfield>
  </datafield>
  <datafield tag="583" ind1="1" ind2=" ">
   <subfield code="a">Archivierung/Langzeitarchivierung gewährleistet</subfield>
   <subfield code="f">SSG</subfield>
   <subfield code="x">XA-DE-BW</subfield>
   <subfield code="2">pdager</subfield>
   <subfield code="5">DE-16</subfield>
  </datafield>
  <datafield tag="600" ind1="1" ind2="0">
   <subfield code="a">Albani, Alessandro</subfield>
   <subfield code="x">Palaces</subfield>
   <subfield code="x">Italy</subfield>
   <subfield code="x">Rome</subfield>
  </datafield>
  <datafield tag="600" ind1="1" ind2="0">
   <subfield code="a">Marchionni, Carlo</subfield>
   <subfield code="x">Criticism and interpretation</subfield>
  </datafield>
  <datafield tag="600" ind1="1" ind2="0">
   <subfield code="a">Albani, Alessandro</subfield>
   <subfield code="x">Art collections</subfield>
  </datafield>
  <datafield tag="600" ind1="1" ind2="0">
   <subfield code="a">Winckelmann, Johann Joachim</subfield>
   <subfield code="x">Criticism and interpretation</subfield>
  </datafield>
  <datafield tag="600" ind1="1" ind2="4">
   <subfield code="a">Winckelmann, Johann Joachim</subfield>
  </datafield>
  <datafield tag="600" ind1="1" ind2="4">
   <subfield code="a">Albani, Alessandro &lt;Kunstsamml.&gt;</subfield>
  </datafield>
  <datafield tag="648" ind1=" " ind2="7">
   <subfield code="a">Geschichte</subfield>
   <subfield code="2">gnd</subfield>
  </datafield>
  <datafield tag="650" ind1=" " ind2="0">
   <subfield code="a">Classicism in architecture</subfield>
   <subfield code="x">Italy</subfield>
   <subfield code="x">Rome</subfield>
  </datafield>
  <datafield tag="650" ind1=" " ind2="0">
   <subfield code="a">Sculpture, Classical</subfield>
   <subfield code="x">Private collections</subfield>
   <subfield code="x">Italy</subfield>
   <subfield code="x">Rome</subfield>
  </datafield>
  <datafield tag="650" ind1=" " ind2="0">
   <subfield code="a">Sculpture, Classical</subfield>
   <subfield code="x">Influence</subfield>
  </datafield>
  <datafield tag="650" ind1="0" ind2="7">
   <subfield code="0">(DE-588)4002851-3</subfield>
   <subfield code="0">(DE-627)104280352</subfield>
   <subfield code="0">(DE-576)208848975</subfield>
   <subfield code="a">Architektur</subfield>
   <subfield code="2">gnd</subfield>
  </datafield>
  <datafield tag="650" ind1="0" ind2="7">
   <subfield code="0">(DE-588)4142674-5</subfield>
   <subfield code="0">(DE-627)105611395</subfield>
   <subfield code="0">(DE-576)209720557</subfield>
   <subfield code="a">Antikensammlung</subfield>
   <subfield code="2">gnd</subfield>
  </datafield>
  <datafield tag="650" ind1="0" ind2="7">
   <subfield code="0">(DE-588)4076769-3</subfield>
   <subfield code="0">(DE-627)104826169</subfield>
   <subfield code="0">(DE-576)209202866</subfield>
   <subfield code="a">Römerzeit</subfield>
   <subfield code="2">gnd</subfield>
  </datafield>
  <datafield tag="650" ind1="0" ind2="7">
   <subfield code="0">(DE-588)4114333-4</subfield>
   <subfield code="0">(DE-627)105822957</subfield>
   <subfield code="0">(DE-576)209483733</subfield>
   <subfield code="a">Kunst</subfield>
   <subfield code="2">gnd</subfield>
  </datafield>
  <datafield tag="650" ind1="0" ind2="7">
   <subfield code="0">(DE-588)4003524-4</subfield>
   <subfield code="0">(DE-627)104306831</subfield>
   <subfield code="0">(DE-576)208851976</subfield>
   <subfield code="a">Aufklärung</subfield>
   <subfield code="2">gnd</subfield>
  </datafield>
  <datafield tag="650" ind1=" " ind2="4">
   <subfield code="a">Villa</subfield>
  </datafield>
  <datafield tag="650" ind1=" " ind2="4">
   <subfield code="a">Plastik</subfield>
  </datafield>
  <datafield tag="650" ind1=" " ind2="4">
   <subfield code="a">Altertum / Bildende Kunst</subfield>
  </datafield>
  <datafield tag="651" ind1=" " ind2="0">
   <subfield code="a">Rome (Italy)</subfield>
   <subfield code="x">Buildings, structures, etc</subfield>
  </datafield>
  <datafield tag="651" ind1=" " ind2="7">
   <subfield code="0">(DE-588)4197499-2</subfield>
   <subfield code="0">(DE-627)105195995</subfield>
   <subfield code="0">(DE-576)21011567X</subfield>
   <subfield code="a">Villa Albani</subfield>
   <subfield code="g">Rom</subfield>
   <subfield code="2">gnd</subfield>
  </datafield>
  <datafield tag="651" ind1=" " ind2="4">
   <subfield code="a">Rom</subfield>
  </datafield>
  <datafield tag="653" ind1=" " ind2="0">
   <subfield code="a">Villa Alba (Gardone Riviera, Italy)</subfield>
  </datafield>
  <datafield tag="655" ind1=" " ind2="7">
   <subfield code="a">Katalog</subfield>
   <subfield code="0">(DE-588)4163417-2</subfield>
   <subfield code="0">(DE-627)105454966</subfield>
   <subfield code="0">(DE-576)209880899</subfield>
   <subfield code="2">gnd-content</subfield>
  </datafield>
  <datafield tag="655" ind1=" " ind2="7">
   <subfield code="a">Aufsatzsammlung</subfield>
   <subfield code="0">(DE-588)4143413-4</subfield>
   <subfield code="0">(DE-627)105605727</subfield>
   <subfield code="0">(DE-576)209726091</subfield>
   <subfield code="2">gnd-content</subfield>
  </datafield>
  <datafield tag="655" ind1=" " ind2="7">
   <subfield code="a">Literaturbericht</subfield>
   <subfield code="0">(DE-588)4167870-9</subfield>
   <subfield code="0">(DE-627)104712805</subfield>
   <subfield code="0">(DE-576)209911700</subfield>
   <subfield code="2">gnd-content</subfield>
  </datafield>
  <datafield tag="689" ind1="0" ind2="0">
   <subfield code="d">p</subfield>
   <subfield code="0">(DE-588)119212064</subfield>
   <subfield code="0">(DE-627)139176284</subfield>
   <subfield code="0">(DE-576)211661953</subfield>
   <subfield code="a">Albani, Alessandro</subfield>
   <subfield code="d">1692-1779</subfield>
   <subfield code="2">gnd</subfield>
  </datafield>
  <datafield tag="689" ind1="0" ind2="1">
   <subfield code="d">s</subfield>
   <subfield code="0">(DE-588)4128844-0</subfield>
   <subfield code="0">(DE-627)105714259</subfield>
   <subfield code="0">(DE-576)209605545</subfield>
   <subfield code="a">Sammlung</subfield>
   <subfield code="2">gnd</subfield>
  </datafield>
  <datafield tag="689" ind1="0" ind2="2">
   <subfield code="d">s</subfield>
   <subfield code="0">(DE-588)4114333-4</subfield>
   <subfield code="0">(DE-627)105822957</subfield>
   <subfield code="0">(DE-576)209483733</subfield>
   <subfield code="a">Kunst</subfield>
   <subfield code="2">gnd</subfield>
  </datafield>
  <datafield tag="689" ind1="0" ind2="3">
   <subfield code="d">g</subfield>
   <subfield code="0">(DE-588)4197499-2</subfield>
   <subfield code="0">(DE-627)105195995</subfield>
   <subfield code="0">(DE-576)21011567X</subfield>
   <subfield code="a">Villa Albani</subfield>
   <subfield code="g">Rom</subfield>
   <subfield code="2">gnd</subfield>
  </datafield>
  <datafield tag="689" ind1="0" ind2="4">
   <subfield code="a">z</subfield>
   <subfield code="2">gnd</subfield>
   <subfield code="a">Geschichte 1700-1800</subfield>
  </datafield>
  <datafield tag="689" ind1="0" ind2=" ">
   <subfield code="5">(DE-627)</subfield>
  </datafield>
  <datafield tag="700" ind1="1" ind2=" ">
   <subfield code="a">Beck, Herbert</subfield>
   <subfield code="d">1941-2026</subfield>
   <subfield code="e">Hrsg.</subfield>
   <subfield code="0">(DE-588)123051231</subfield>
   <subfield code="0">(DE-627)082317267</subfield>
   <subfield code="0">(DE-576)214577139</subfield>
   <subfield code="4">edt</subfield>
  </datafield>
  <datafield tag="700" ind1="1" ind2=" ">
   <subfield code="a">Bol, Peter C.</subfield>
   <subfield code="d">1941-2012</subfield>
   <subfield code="0">(DE-588)133105229</subfield>
   <subfield code="0">(DE-627)534949754</subfield>
   <subfield code="0">(DE-576)160356474</subfield>
   <subfield code="4">oth</subfield>
  </datafield>
  <datafield tag="787" ind1="0" ind2="8">
   <subfield code="i">Rezensiert in</subfield>
   <subfield code="a">Tavernier, Ludwig, 1955 - </subfield>
   <subfield code="t">[Rezension von: Forschungen zur Villa Albani. Antike Kunst und die Epoche der Aufklärung. Hrsg. von Herbert Beck und Peter C. Bol]</subfield>
   <subfield code="d">1985</subfield>
   <subfield code="w">(DE-627)1852634952</subfield>
  </datafield>
  <datafield tag="830" ind1=" " ind2="0">
   <subfield code="a">Frankfurter Forschungen zur Kunst</subfield>
   <subfield code="v">10</subfield>
   <subfield code="9">1000</subfield>
   <subfield code="w">(DE-627)13024676X</subfield>
   <subfield code="w">(DE-576)008532370</subfield>
   <subfield code="w">(DE-600)549660-3</subfield>
   <subfield code="x">0932-4003</subfield>
   <subfield code="7">am</subfield>
  </datafield>
  <datafield tag="856" ind1="4" ind2="2">
   <subfield code="u">http://d-nb.info/820903272/04</subfield>
   <subfield code="m">V:DE-605</subfield>
   <subfield code="q">application/pdf</subfield>
   <subfield code="3">Inhaltsverzeichnis</subfield>
   <subfield code="7">1</subfield>
  </datafield>
  <datafield tag="856" ind1="4" ind2="2">
   <subfield code="u">http://scans.hebis.de/HEBCGI/show.pl?01782037_toc.pdf</subfield>
   <subfield code="m">V:DE-605;X:Imageware</subfield>
   <subfield code="q">application/pdf</subfield>
   <subfield code="3">Inhaltsverzeichnis</subfield>
   <subfield code="7">1</subfield>
  </datafield>
  <datafield tag="889" ind1=" " ind2=" ">
   <subfield code="w">(DE-576)485503468</subfield>
  </datafield>
  <datafield tag="889" ind1=" " ind2=" ">
   <subfield code="w">(DE-627)1911544012</subfield>
  </datafield>
  <datafield tag="935" ind1=" " ind2=" ">
   <subfield code="i">Blocktest</subfield>
  </datafield>
  <datafield tag="935" ind1=" " ind2=" ">
   <subfield code="h">HEB</subfield>
   <subfield code="i">0501</subfield>
  </datafield>
  <datafield tag="935" ind1=" " ind2=" ">
   <subfield code="h">HEB</subfield>
   <subfield code="i">0503</subfield>
  </datafield>
  <datafield tag="936" ind1="r" ind2="v">
   <subfield code="a">LF 8113</subfield>
   <subfield code="b">aj - al</subfield>
   <subfield code="k">Klassische Archäologie</subfield>
   <subfield code="k">Museen - Sammlungen - Ausstellungen</subfield>
   <subfield code="k">Kataloge von Privatsammlungen</subfield>
   <subfield code="k">Kataloge von einzelnen Sammlungen</subfield>
   <subfield code="k">aj - al</subfield>
   <subfield code="0">(DE-627)1274778735</subfield>
   <subfield code="0">(DE-625)rvk/91995:13577</subfield>
   <subfield code="0">(DE-576)204778735</subfield>
  </datafield>
  <datafield tag="936" ind1="r" ind2="v">
   <subfield code="a">LH 37730</subfield>
   <subfield code="b">Rom</subfield>
   <subfield code="k">Kunstgeschichte</subfield>
   <subfield code="k">Allgemeines. Allgemeine Kunstgeschichte</subfield>
   <subfield code="k">Museumskunde. Museumskataloge</subfield>
   <subfield code="k">Kataloge einzelner Museen; Schrifttum über einzelne Museen</subfield>
   <subfield code="k">Orte R</subfield>
   <subfield code="k">Rom</subfield>
   <subfield code="0">(DE-627)1271996537</subfield>
   <subfield code="0">(DE-625)rvk/93270:</subfield>
   <subfield code="0">(DE-576)201996537</subfield>
  </datafield>
  <datafield tag="936" ind1="r" ind2="v">
   <subfield code="a">LG 9200</subfield>
   <subfield code="b">Neuzeit</subfield>
   <subfield code="k">Klassische Archäologie</subfield>
   <subfield code="k">Antike Kunst und Kultur</subfield>
   <subfield code="k">Nachleben und Wirkung der antiken Kunst</subfield>
   <subfield code="k">Neuzeit</subfield>
   <subfield code="0">(DE-627)1270771639</subfield>
   <subfield code="0">(DE-625)rvk/92184:</subfield>
   <subfield code="0">(DE-576)200771639</subfield>
  </datafield>
  <datafield tag="936" ind1="r" ind2="v">
   <subfield code="a">LF 6950</subfield>
   <subfield code="b">Sonstige</subfield>
   <subfield code="k">Klassische Archäologie</subfield>
   <subfield code="k">Museen - Sammlungen - Ausstellungen</subfield>
   <subfield code="k">Kataloge der öffentlichen Museen</subfield>
   <subfield code="k">Orte R</subfield>
   <subfield code="k">Rom</subfield>
   <subfield code="k">Sonstige</subfield>
   <subfield code="0">(DE-627)1271798239</subfield>
   <subfield code="0">(DE-625)rvk/91911:</subfield>
   <subfield code="0">(DE-576)201798239</subfield>
  </datafield>
  <datafield tag="936" ind1="r" ind2="v">
   <subfield code="a">LN 63114</subfield>
   <subfield code="b">Burgen und Schlösser; herrschaftliche Stadthäuser (Residenzen, palazzi, hôtels u. dgl.), Villen in Stadtnähe</subfield>
   <subfield code="k">Kunstgeschichte</subfield>
   <subfield code="k">Kunst nach Ländern bzw. Kontinenten</subfield>
   <subfield code="k">Italien</subfield>
   <subfield code="k">Kunsttopografie Italiens</subfield>
   <subfield code="k">Alphabetische Liste der italienischen Orte</subfield>
   <subfield code="k">Orte R</subfield>
   <subfield code="k">Rom</subfield>
   <subfield code="k">Burgen und Schlösser; herrschaftliche Stadthäuser (Residenzen, palazzi, hôtels u. dgl.), Villen in Stadtnähe</subfield>
   <subfield code="0">(DE-627)1270704958</subfield>
   <subfield code="0">(DE-625)rvk/102121:13315</subfield>
   <subfield code="0">(DE-576)200704958</subfield>
  </datafield>
  <datafield tag="936" ind1="r" ind2="v">
   <subfield code="a">LN 63117</subfield>
   <subfield code="b">Bürgerbauten</subfield>
   <subfield code="k">Kunstgeschichte</subfield>
   <subfield code="k">Kunst nach Ländern bzw. Kontinenten</subfield>
   <subfield code="k">Italien</subfield>
   <subfield code="k">Kunsttopografie Italiens</subfield>
   <subfield code="k">Alphabetische Liste der italienischen Orte</subfield>
   <subfield code="k">Orte R</subfield>
   <subfield code="k">Rom</subfield>
   <subfield code="k">Bürgerbauten</subfield>
   <subfield code="0">(DE-627)1271734958</subfield>
   <subfield code="0">(DE-625)rvk/102121:13318</subfield>
   <subfield code="0">(DE-576)201734958</subfield>
  </datafield>
  <datafield tag="936" ind1="r" ind2="v">
   <subfield code="a">LE 3800</subfield>
   <subfield code="b">Geschichte des Faches und seiner Institutionen</subfield>
   <subfield code="k">Klassische Archäologie</subfield>
   <subfield code="k">Systematik und Geschichte des Faches</subfield>
   <subfield code="k">Geschichte des Faches und seiner Institutionen</subfield>
   <subfield code="0">(DE-627)1270641794</subfield>
   <subfield code="0">(DE-625)rvk/90740:</subfield>
   <subfield code="0">(DE-576)200641794</subfield>
  </datafield>
  <datafield tag="936" ind1="b" ind2="k">
   <subfield code="a">21.71</subfield>
   <subfield code="j">Geschichte öffentlicher Bauten</subfield>
   <subfield code="0">(DE-627)106421263</subfield>
  </datafield>
  <datafield tag="936" ind1="b" ind2="k">
   <subfield code="a">20.00</subfield>
   <subfield code="j">Kunstwissenschaften: Allgemeines</subfield>
   <subfield code="0">(DE-627)106406493</subfield>
  </datafield>
  <datafield tag="936" ind1="s" ind2="n">
   <subfield code="a">l300</subfield>
   <subfield code="2">mzub</subfield>
  </datafield>
  <datafield tag="951" ind1=" " ind2=" ">
   <subfield code="a">BO</subfield>
  </datafield>
  <datafield tag="990" ind1=" " ind2=" ">
   <subfield code="a">Albani, Alessandro</subfield>
  </datafield>
  <datafield tag="990" ind1=" " ind2=" ">
   <subfield code="a">Sammlung</subfield>
  </datafield>
  <datafield tag="990" ind1=" " ind2=" ">
   <subfield code="a">Kunst</subfield>
  </datafield>
  <datafield tag="990" ind1=" " ind2=" ">
   <subfield code="a">Villa Albani</subfield>
  </datafield>
  <datafield tag="990" ind1=" " ind2=" ">
   <subfield code="a">Geschichte 1700-1800</subfield>
  </datafield>
  <datafield tag="991" ind1=" " ind2=" ">
   <subfield code="a">Rezensiertes Werk</subfield>
  </datafield>
  <datafield tag="999" ind1=" " ind2=" ">
   <subfield code="a">KXP-PPN024259071</subfield>
   <subfield code="e">4374049533</subfield>
  </datafield>
 </record>
</collection>
